000
00272nam a2200133Ia 4500
100
_a
Miller/Michael
650
_a
Cloud computing
942
_c
BK
245
_a
Cloud Computing
260
_b
Pearson Education
_c
2008
082
_b
MIL
546
_a
ENGLISH
999
_c
25754
_d
25754